| 000 | 00899nam a2200265 a 4500 | ||
|---|---|---|---|
| 001 | 1002 | ||
| 003 | BR-CuiBMT | ||
| 005 | 20231124231051.0 | ||
| 008 | 231124s2009 mgba 001 0 por d | ||
| 020 | _a9788577002252 | ||
| 040 |
_aBR-CuiBMT _cBR-CuiBMT |
||
| 080 |
_22007 _a352.075.26 |
||
| 090 |
_a352.075.26 _bP372v |
||
| 100 | 1 | _aPedrosa, Fábio | |
| 245 |
_aVereadores / _cFábio Pedrosa, Rogério Almeida, Will Lacerda ; prefácio Carlos Maurício Figueiredo. |
||
| 246 | 1 | 4 |
_aVereadores : _breflexões acerca dos entendimentos dos tribunais de contas e cortes judiciárias. |
| 260 |
_aBelo Horizonte : _bFórum, _c2009 |
||
| 300 |
_a152 p.: _bil. _c22 cm |
||
| 504 | _aInclui índice e bibliografia. | ||
| 650 |
_aCâmaras municipais _zBrasil |
||
| 650 |
_aVereadores _xEstatuto legal, leis, etc.. _zBrasil |
||
| 700 | _aAlmeida, Rogério | ||
| 700 | _aLacerda, Will | ||
| 942 |
_2udc _cLV |
||
| 999 |
_c1002 _d1002 |
||